[Event "Osasco op"]
[Site "Osasco"]
[Date "2023.12.02"]
[Round "4"]
[White "Aragao Neto, Joao Batista"]
[Black "Ferreira, Fernando Goncalves"]
[Result "1/2-1/2"]
[WhiteElo "1600"]
[BlackElo "1440"]
[PlyCount "85"]
[EventDate "2023.12.01"]
[EventType "swiss"]
[EventRounds "6"]
[EventCountry "BRA"]
[SourceTitle "CB50_2023"]
[SourceDate "2023.12.13"]
[SourceVersion "1"]
[SourceVersionDate "2023.12.13"]
[SourceQuality "1"]

1. e4 c6 2. d4 d5 3. exd5 cxd5 4. c4 Nf6 5. Nc3 Nc6 6. Nf3 Bg4 7. cxd5 Nxd5 8. Be2 e6 9. 0-0 Be7 10. a3 0-0 11. Re1 Bf6 12. Be3 Rc8 13. Rc1 a6 14. Ne4 Be7 15. Ng3 Bf6 16. Ne4 Be7 17. Ng3 Qc7 18. Qd3 Nf4 19. Bxf4 Qxf4 20. Qe3 Bd6 21. Rcd1 Qxe3 22. fxe3 Bxg3 23. hxg3 Rfe8 24. b4 Ne7 25. Rc1 Nd5 26. Kf2 Nc3 27. Bd3 f6 28. Rh1 h6 29. Nh4 Rc7 30. Rc2 Rec8 31. Rd2 Nd5 32. Ng6 Kf7 33. Nf4 Rc3 34. Nxd5 exd5 35. Ra1 Bh5 36. a4 Bg6 37. Bxg6+ Kxg6 38. Raa2 Re8 39. Re2 Rb3 40. Rab2 Ra3 41. Ra2 Rb3 42. Rab2 Ra3 43. Ra2 1/2-1/2

[Event "Florianopolis op-B 04"]
[Site "Florianopolis"]
[Date "2023.04.28"]
[Round "1"]
[White "Bitencourt, Lavignia Padilha"]
[Black "Ferreira, Fernando Goncalves"]
[Result "0-1"]
[WhiteElo "1756"]
[BlackElo "1399"]
[PlyCount "128"]
[EventDate "2023.04.28"]
[EventType "swiss"]
[EventRounds "6"]
[EventCountry "BRA"]
[SourceTitle "CBM 214 Extra"]
[Source "ChessBase"]
[SourceDate "2023.07.31"]
[SourceVersion "1"]
[SourceVersionDate "2023.07.31"]
[SourceQuality "1"]

1. d4 d5 2. Nf3 Nf6 3. Bf4 c5 4. e3 Nc6 5. Bb5 a6 6. Bxc6+ bxc6 7. 0-0 e6 8. Nbd2 cxd4 9. Nxd4 c5 10. N4f3 Bd6 11. Bxd6 Qxd6 12. Qe2 0-0 13. e4 Qb6 14. b3 Bb7 15. e5 Nd7 16. c4 a5 17. Rfe1 Rfe8 18. Rad1 a4 19. Qd3 h6 20. Nb1 axb3 21. Qxb3 Qxb3 22. axb3 d4 23. b4 Bxf3 24. gxf3 Ra4 25. bxc5 Rxc4 26. Rc1 Rxc1 27. Rxc1 Nxe5 28. f4 Nc6 29. Rc4 Rd8 30. Nd2 Rd5 31. Nf3 d3 32. Rc1 Kf8 33. Kf1 Ke7 34. Ke1 Kd7 35. Kd2 Rf5 36. Kxd3 Rxf4 37. Ke3 Rf5 38. Nd4 Nxd4 39. Kxd4 Rd5+ 40. Kc4 Kc6 41. Rg1 Rxc5+ 42. Kd4 g6 43. f4 Rf5 44. Ke4 Kd6 45. Rd1+ Ke7 46. Rd4 Rh5 47. Rd2 Ra5 48. h4 Rh5 49. Rh2 g5 50. fxg5 hxg5 51. Ke5 Rxh4 52. Rxh4 gxh4 53. Kf4 Kf6 54. Kg4 Ke5 55. Kxh4 Kf4 56. Kh3 e5 57. Kg2 Ke3 58. Kf1 e4 59. Ke1 f5 60. Kf1 Kd2 61. Kf2 e3+ 62. Kf3 e2 63. Kf4 e1Q 64. Kxf5 Qh4 0-1

[Event "Paulista-chTB"]
[Site "Sao Paulo"]
[Date "2023.03.05"]
[Round "4"]
[White "Ferreira, Fernando Goncalves"]
[Black "Fakhouri Filho, Jorge"]
[Result "0-1"]
[WhiteElo "1399"]
[BlackElo "1922"]
[PlyCount "70"]
[EventDate "2023.03.03"]
[EventType "team-swiss"]
[EventRounds "5"]
[EventCountry "BRA"]
[SourceTitle "CBM 213 Extra"]
[Source "ChessBase"]
[SourceDate "2023.05.31"]
[SourceVersion "1"]
[SourceVersionDate "2023.05.31"]
[SourceQuality "1"]
[WhiteTeam "Kiin Hikaru"]
[BlackTeam "AXSCS Game Over II"]
[WhiteTeamCountry "BRA"]
[BlackTeamCountry "BRA"]

1. d4 Nf6 2. Nf3 g6 3. Nc3 Bg7 4. e4 d6 5. h3 0-0 6. Be3 c5 7. dxc5 Qa5 8. Bd3 dxc5 9. 0-0 Rd8 10. Qd2 c4 11. e5 Ne8 12. Rac1 cxd3 13. cxd3 Nc6 14. d4 Nxe5 15. Nxe5 Bxe5 16. Rfd1 Bg7 17. Qe2 Nf6 18. Bf4 Be6 19. Qf3 Nd5 20. Nxd5 Bxd5 21. Qe2 Rd7 22. a3 Bc6 23. Rc5 Qb6 24. Be5 Bxe5 25. Rxe5 Rxd4 26. Rxd4 Qxd4 27. Rxe7 Qd5 28. Qg4 Rd8 29. Re1 Qd2 30. Re2 Qd1+ 31. Kh2 h5 32. Qg5 Qd6+ 33. g3 Qd1 34. Re1 Qxe1 35. Qxd8+ Kh7 0-1

[Event "Hebraica op 30th"]
[Site "Hebraica"]
[Date "2023.02.11"]
[Round "5"]
[White "Mangini, Bruno Fernandes"]
[Black "Ferreira, Fernando Goncalves"]
[Result "1-0"]
[WhiteElo "1735"]
[BlackElo "1398"]
[PlyCount "73"]
[EventDate "2023.02.10"]
[EventType "swiss"]
[EventRounds "7"]
[EventCountry "BRA"]
[SourceTitle "CBM 212 Extra"]
[Source "ChessBase"]
[SourceDate "2023.03.31"]
[SourceVersion "1"]
[SourceVersionDate "2023.03.31"]
[SourceQuality "1"]

1. d4 d5 2. c4 dxc4 3. Nc3 a6 4. a4 e5 5. Nf3 exd4 6. Qxd4 Nc6 7. Qxd8+ Kxd8 8. e4 Be6 9. Bf4 Nf6 10. Ng5 Na5 11. 0-0-0+ Kc8 12. Nxe6 fxe6 13. f3 Bb4 14. g3 c6 15. Bh3 Re8 16. e5 Nd5 17. Nxd5 cxd5 18. Rxd5 Kc7 19. Rdd1 Rac8 20. Kb1 b5 21. axb5 axb5 22. Bd2 Bxd2 23. Rxd2 Nb3 24. Rd6 Ra8 25. Rhd1 Ra1+ 26. Kc2 Rxd1 27. Rxd1 Nc5 28. f4 Nd3 29. Bg2 Kb6 30. Be4 Rd8 31. Bxd3 cxd3+ 32. Rxd3 Rd5 33. Rxd5 exd5 34. f5 Kc6 35. Kd3 b4 36. Kd4 h6 37. g4 1-0

[Event "BRA Amateur-ch U1800"]
[Site "Sao Paulo"]
[Date "2022.11.06"]
[Round "7"]
[White "Volpato, Alzir"]
[Black "Ferreira, Fernando Goncalves"]
[Result "0-1"]
[WhiteElo "1501"]
[BlackElo "1337"]
[PlyCount "108"]
[EventDate "2022.11.03"]
[EventType "swiss"]
[EventRounds "7"]
[EventCountry "BRA"]
[SourceTitle "CBM 211 Extra"]
[Source "ChessBase"]
[SourceDate "2023.01.31"]
[SourceVersion "1"]
[SourceVersionDate "2023.01.31"]
[SourceQuality "1"]

1. e4 c6 2. d4 d5 3. exd5 cxd5 4. Bd3 Nc6 5. c3 Qc7 6. Nf3 Bg4 7. h3 Bh5 8. 0-0 e6 9. Re1 Bd6 10. Be3 Nf6 11. Nbd2 Bg6 12. Qe2 Bxd3 13. Qxd3 0-0 14. Bg5 Nd7 15. Nf1 Rac8 16. Re2 Ne7 17. Rae1 Ng6 18. N1h2 h6 19. Bd2 Bf4 20. Bxf4 Nxf4 21. Qd2 Nxe2+ 22. Rxe2 Qc4 23. a3 a5 24. Ng4 h5 25. Nfe5 Qc7 26. Nh6+ Kh7 27. Nhxf7 Nxe5 28. Nxe5 Qd8 29. Qd3+ Kg8 30. Qe3 Rc7 31. g4 Qf6 32. gxh5 Qf4 33. Qxf4 Rxf4 34. Ng6 Rf6 35. f4 Kh7 36. Rxe6 Kh6 37. Re5 Rd7 38. Kg2 Rdd6 39. Kf3 Rfe6 40. Kg4 Rxe5 41. Nxe5 Rb6 42. Nd3 g6 43. hxg6 Rxg6+ 44. Kf3 Rb6 45. Kg3 Rg6+ 46. Kf2 Kh5 47. Kf3 Kh4 48. Nf2 Rg3+ 49. Ke2 Rg2 50. f5 Kg3 51. Ke3 Rxf2 52. b4 axb4 53. axb4 Rf3+ 54. Kd2 b5 0-1

[Event "BRA Amateur-ch U1800"]
[Site "Sao Paulo"]
[Date "2022.11.03"]
[Round "2"]
[White "Ferreira, Fernando Goncalves"]
[Black "De Freitas, Fabio Ruiz"]
[Result "1-0"]
[WhiteElo "1337"]
[BlackElo "1673"]
[PlyCount "79"]
[EventDate "2022.11.03"]
[EventType "swiss"]
[EventRounds "7"]
[EventCountry "BRA"]
[SourceTitle "CBM 211 Extra"]
[Source "ChessBase"]
[SourceDate "2023.01.31"]
[SourceVersion "1"]
[SourceVersionDate "2023.01.31"]
[SourceQuality "1"]

1. d4 Nf6 2. Bf4 d5 3. e3 c5 4. c3 Nc6 5. Nd2 Bg4 6. Qb3 Qb6 7. dxc5 Qxb3 8. axb3 e5 9. Bg3 Bxc5 10. Ngf3 Nd7 11. b4 Bd6 12. Bb5 0-0 13. Bxc6 bxc6 14. Nd4 exd4 15. Bxd6 dxe3 16. fxe3 Rfe8 17. Kf2 Ne5 18. Bxe5 Rxe5 19. Nf3 Re7 20. Nd4 Bd7 21. Ra6 Kf8 22. Nxc6 Re6 23. b5 Bxc6 24. bxc6 Rc8 25. Rxa7 Rexc6 26. Rha1 Rb6 27. R1a2 Rcb8 28. b4 Rc6 29. Ra8 Rxa8 30. Rxa8+ Ke7 31. Ra3 Kd6 32. Ke2 Ke5 33. Kd3 Rg6 34. Ra2 Rh6 35. h3 Rf6 36. b5 Rf1 37. Rb2 Kd6 38. b6 Rd1+ 39. Ke2 Rg1 40. Kf2 1-0

[Event "BRA-ch Amateur U1600"]
[Site "Sao Paulo"]
[Date "2022.06.19"]
[Round "7"]
[White "Ferreira, Fernando Goncalves"]
[Black "Silvestre Filho, Orlando"]
[Result "0-1"]
[WhiteElo "1340"]
[BlackElo "1930"]
[PlyCount "70"]
[EventDate "2022.06.16"]
[EventType "swiss"]
[EventRounds "7"]
[EventCountry "BRA"]
[SourceTitle "CBM 208 Extra"]
[Source "ChessBase"]
[SourceDate "2022.07.31"]
[SourceVersion "1"]
[SourceVersionDate "2022.07.31"]
[SourceQuality "1"]

1. d4 d5 2. Bf4 c5 3. e3 Nc6 4. c3 Nf6 5. Nd2 Qb6 6. Qb3 Qxb3 7. axb3 cxd4 8. exd4 Bf5 9. b4 Ne4 10. b5 Nd8 11. Ngf3 f6 12. Nxe4 Bxe4 13. Be2 g5 14. Bg3 h5 15. 0-0 h4 16. Bc7 Ne6 17. b6 Kd7 18. Bb5+ Kc8 19. Rxa7 Nxc7 20. Rfa1 Rxa7 21. bxa7 Ne8 22. Nd2 e5 23. dxe5 fxe5 24. Nxe4 dxe4 25. Re1 Bc5 26. Rxe4 Bxa7 27. Ra4 Kb8 28. Re4 Rf8 29. Re2 Nc7 30. Bc4 g4 31. g3 hxg3 32. hxg3 b5 33. Bb3 Na6 34. Be6 Nc5 35. Kg2 Nxe6 0-1

[Event "Chapeco op"]
[Site "Chapeco"]
[Date "2022.02.13"]
[Round "5"]
[White "Spieker, Otavio Schmidt"]
[Black "Ferreira, Fernando Goncalves"]
[Result "0-1"]
[WhiteElo "1079"]
[BlackElo "1336"]
[PlyCount "90"]
[EventDate "2022.02.11"]
[EventType "swiss"]
[EventRounds "6"]
[EventCountry "BRA"]
[SourceTitle "CBM 207 Extra"]
[Source "ChessBase"]
[SourceDate "2022.05.31"]
[SourceVersion "1"]
[SourceVersionDate "2022.05.31"]
[SourceQuality "1"]

1. e4 c6 2. Nc3 d5 3. Nf3 dxe4 4. Nxe4 Nf6 5. Nc3 Bg4 6. Bc4 e6 7. a3 Bd6 8. Be2 0-0 9. h3 Bxf3 10. Bxf3 Nbd7 11. 0-0 Qc7 12. Kh1 c5 13. Nb5 Qb6 14. Nxd6 Qxd6 15. Bxb7 Rab8 16. Bf3 Rfd8 17. d3 a6 18. Qe2 Nd5 19. c4 Nf4 20. Bxf4 Qxf4 21. Rab1 Ne5 22. Be4 f5 23. Bf3 Rxd3 24. Rfd1 Nxf3 25. gxf3 Qxf3+ 26. Qxf3 Rxf3 27. Kg2 Rbb3 28. Rd8+ Kf7 29. Rd7+ Kf6 30. Rd6 Rf4 31. Rxa6 Rxc4 32. Re1 Re4 33. Rxe4 fxe4 34. Rc6 Rxb2 35. Kf1 Rb3 36. a4 Rxh3 37. a5 Ra3 38. Rxc5 g5 39. Rc4 Kf5 40. Rc5+ Kf4 41. Rc7 h5 42. Rc6 Kf3 43. Kg1 Rxa5 44. Rxe6 Rf5 45. Rh6 h4 0-1

[Event "Taubate op"]
[Site "Taubate"]
[Date "2020.10.31"]
[Round "1"]
[White "Medeiros, Thauane Ferreira"]
[Black "Ferreira, Fernando Goncalves"]
[Result "1-0"]
[WhiteElo "1983"]
[BlackElo "1296"]
[PlyCount "69"]
[EventDate "2020.10.31"]
[EventType "swiss"]
[EventRounds "6"]
[EventCountry "BRA"]
[SourceTitle "CBM 199 Extra"]
[Source "ChessBase"]
[SourceDate "2021.01.31"]
[SourceVersion "1"]
[SourceVersionDate "2021.01.31"]
[SourceQuality "1"]

1. d4 d5 2. Bg5 Nc6 3. Nf3 Bf5 4. c4 h6 5. Bh4 Nf6 6. Bxf6 gxf6 7. Nc3 e6 8. cxd5 exd5 9. e3 Rg8 10. a3 Qd7 11. Nh4 0-0-0 12. Nxf5 Qxf5 13. g3 Kb8 14. Bg2 h5 15. h4 Qe6 16. 0-0 Bh6 17. Re1 f5 18. Qxh5 Bg7 19. Qf3 Ne7 20. b4 Bf6 21. Rad1 Bxh4 22. gxh4 Rxg2+ 23. Kxg2 Rg8+ 24. Kf1 Qa6+ 25. Re2 Qg6 26. Ke1 Qc6 27. Rc2 Rg1+ 28. Kd2 Rg6 29. a4 Qc4 30. Rb1 Qc6 31. Nb5 Qe8 32. Nxc7 Qg8 33. Nxd5 Nc6 34. Rxc6 bxc6 35. Ne7 1-0

[Event "Sao Paulo Carnaval op"]
[Site "Sao Paulo"]
[Date "2020.02.22"]
[Round "1"]
[White "Bail, Ellen Larissa"]
[Black "Ferreira, Fernando Goncalves"]
[Result "1-0"]
[WhiteElo "1861"]
[BlackElo "1281"]
[PlyCount "87"]
[EventDate "2020.02.22"]
[EventType "swiss"]
[EventRounds "7"]
[EventCountry "BRA"]
[SourceTitle "CBM 195 Extra"]
[Source "ChessBase"]
[SourceDate "2020.05.31"]
[SourceVersion "1"]
[SourceVersionDate "2020.05.31"]
[SourceQuality "1"]

1. Nf3 Nf6 2. g3 g6 3. Bg2 Bg7 4. 0-0 0-0 5. d4 d6 6. c4 a6 7. Nc3 Nc6 8. e4 Na5 9. Qe2 Bg4 10. h3 Bd7 11. Be3 Rb8 12. b4 Nc6 13. Rab1 e5 14. d5 Ne7 15. c5 Nxe4 16. Nxe4 Bb5 17. Qd2 Bxf1 18. Bxf1 f5 19. Neg5 e4 20. Ne6 Qe8 21. Nfg5 Be5 22. Nxf8 Qxf8 23. Ne6 Qc8 24. cxd6 Bxd6 25. Qd4 Kf7 26. Qg7+ Ke8 27. Qh8+ Kd7 28. Qxh7 Qg8 29. Nc5+ Bxc5 30. Qxg8 Rxg8 31. bxc5 Nxd5 32. Bc4 Kc6 33. Rxb7 Nxe3 34. Bxg8 Kxb7 35. fxe3 Kc6 36. Bh7 Kxc5 37. Bxg6 Kb4 38. h4 c5 39. Bxf5 c4 40. h5 c3 41. Bxe4 Ka3 42. h6 Kb2 43. h7 c2 44. Bxc2 1-0

[Event "Paulista-ch"]
[Site "Sao Paulo"]
[Date "2018.11.09"]
[Round "2"]
[White "Okuda, Paulo Alexandre Yuj"]
[Black "Ferreira, Fernando Goncalves"]
[Result "1-0"]
[WhiteElo "1679"]
[BlackElo "1296"]
[PlyCount "65"]
[EventDate "2018.11.09"]
[EventType "swiss"]
[EventRounds "6"]
[EventCountry "BRA"]
[SourceTitle "CBM 187 Extra"]
[Source "ChessBase"]
[SourceDate "2018.11.04"]
[SourceVersion "1"]
[SourceVersionDate "2018.11.04"]
[SourceQuality "1"]

1. e4 c5 2. Nc3 d6 3. f4 g6 4. Nf3 Bg7 5. Bc4 e6 6. 0-0 Ne7 7. d3 0-0 8. Qe1 d5 9. Bb3 Nbc6 10. Qh4 Na5 11. Ng5 h6 12. Nh3 Bd7 13. Bd2 dxe4 14. dxe4 c4 15. Ba4 Bxa4 16. Nxa4 Qxd2 17. Qxe7 Qxc2 18. Nc5 Bd4+ 19. Kh1 Bxc5 20. Qxc5 b6 21. Qe3 Rad8 22. f5 exf5 23. Qxh6 Qxb2 24. exf5 Qh8 25. Qg5 Qh5 26. fxg6 Qxg6 27. Qe7 Rd2 28. Ng5 Qc6 29. Ne4 Rdd8 30. Rf3 Qe6 31. Rg3+ Kh7 32. Qh4+ Qh6 33. Nf6+ 1-0